[Event "St Veit op 42nd"]
[Site "St Veit"]
[Date "2023.07.12"]
[Round "6"]
[White "Dimitriadis, Michael"]
[Black "Kuhn, Maximilian"]
[Result "1/2-1/2"]
[WhiteElo "2066"]
[BlackElo "1936"]
[PlyCount "72"]
[EventDate "2023.07.08"]
[EventType "swiss"]
[EventRounds "9"]
[EventCountry "AUT"]
[SourceTitle "CBM 215 Extra"]
[Source "ChessBase"]
[SourceDate "2023.09.30"]
[SourceVersion "1"]
[SourceVersionDate "2023.09.30"]
[SourceQuality "1"]

1. d4 d5 2. c4 e6 3. Nc3 Nf6 4. cxd5 exd5 5. Bg5 c6 6. Qc2 Bd6 7. e3 0-0 8. Bd3 h6 9. Bh4 Re8 10. Nge2 a5 11. Bg3 Na6 12. a3 Bxg3 13. Nxg3 Nc7 14. 0-0 h5 15. h3 h4 16. Nge2 Ne6 17. Bf5 g6 18. Bd3 Ng7 19. b4 axb4 20. axb4 Bf5 21. Rxa8 Qxa8 22. Bxf5 Nxf5 23. b5 Kg7 24. Nf4 Nd6 25. bxc6 bxc6 26. Nd3 Nc4 27. Qa2 Qb7 28. Rb1 Qc7 29. Nc5 Rb8 30. Rxb8 Qxb8 31. Qb3 Qa7 32. N3a4 Qa5 33. Qc3 Qb5 34. Qb3 Qa5 35. Qc3 Qb5 36. Qb3 Qa5 1/2-1/2

[Event "St Veit op 42nd"]
[Site "St Veit"]
[Date "2023.07.10"]
[Round "4"]
[White "Kuhn, Maximilian"]
[Black "Mazi, Leon"]
[Result "0-1"]
[WhiteElo "1936"]
[BlackElo "2345"]
[PlyCount "128"]
[EventDate "2023.07.08"]
[EventType "swiss"]
[EventRounds "9"]
[EventCountry "AUT"]
[SourceTitle "CBM 215 Extra"]
[Source "ChessBase"]
[SourceDate "2023.09.30"]
[SourceVersion "1"]
[SourceVersionDate "2023.09.30"]
[SourceQuality "1"]

1. d4 d5 2. c4 dxc4 3. Nf3 Nf6 4. e3 e6 5. Bxc4 a6 6. 0-0 c5 7. Bb3 Nc6 8. Nc3 cxd4 9. exd4 Be7 10. Re1 0-0 11. a3 Qc7 12. Bg5 Rd8 13. Qd3 Qb6 14. Na4 Qa5 15. Bd2 Qc7 16. Rad1 b5 17. Nc3 Bb7 18. Bg5 h6 19. Bh4 b4 20. axb4 Nxb4 21. Qe2 Nfd5 22. Nxd5 Bxd5 23. Rc1 Qb7 24. Bxe7 Qxe7 25. Bxd5 Nxd5 26. g3 Qb7 27. Rc2 Nc7 28. Qe4 Qxe4 29. Rxe4 Nd5 30. Re1 Rdb8 31. Ra1 Rb4 32. Ra5 Rb6 33. Ne5 f6 34. Nd7 Rd6 35. Nc5 Kf7 36. h4 g5 37. hxg5 hxg5 38. Kg2 g4 39. Rc1 Rb6 40. b3 Kg6 41. f3 gxf3+ 42. Kxf3 Nc7 43. Rh1 Rd8 44. Rh4 Rc6 45. Ra1 Nb5 46. Ke3 e5 47. dxe5 Rxc5 48. exf6 Rc3+ 49. Ke2 Nd4+ 50. Kf2 Rf3+ 51. Kg2 Rxf6 52. Rg4+ Kf7 53. Rf4 Rxf4 54. gxf4 Rd6 55. b4 Nc2 56. Ra4 Rb6 57. Kf3 Ke6 58. Ke2 Kd5 59. Kd3 Nxb4+ 60. Kc3 Kc5 61. Ra5+ Rb5 62. Ra1 Nd5+ 63. Kc2 a5 64. Rh1 Nxf4 0-1

[Event "St Veit op 42nd"]
[Site "St Veit"]
[Date "2023.07.08"]
[Round "1"]
[White "Kuhn, Maximilian"]
[Black "Manhardt, Thomas"]
[Result "0-1"]
[WhiteElo "1936"]
[BlackElo "2223"]
[PlyCount "85"]
[EventDate "2023.07.08"]
[EventType "swiss"]
[EventRounds "9"]
[EventCountry "AUT"]
[SourceTitle "CBM 215 Extra"]
[Source "ChessBase"]
[SourceDate "2023.09.30"]
[SourceVersion "1"]
[SourceVersionDate "2023.09.30"]
[SourceQuality "1"]

1. d4 f5 2. Nf3 Nf6 3. c4 g6 4. e3 Bg7 5. b4 0-0 6. Bb2 d6 7. Be2 Ne4 8. Qc2 c6 9. Nc3 a5 10. b5 Nxc3 11. Bxc3 a4 12. 0-0 cxb5 13. cxb5 Be6 14. Rac1 Nd7 15. Ng5 Bd5 16. Bf3 Bxf3 17. gxf3 Qb6 18. Ne6 Rfc8 19. Nxg7 Kxg7 20. d5+ Nf6 21. Qb2 a3 22. Qb3 Kf7 23. Bxf6 Kxf6 24. Rc4 Rc5 25. Ra4 Rxa4 26. Qxa4 Rxd5 27. Qh4+ Ke6 28. e4 fxe4 29. Re1 Qxb5 30. Rxe4+ Re5 31. Qxh7 Qb1+ 32. Kg2 Rxe4 33. Qxg6+ Kd7 34. Qf5+ Kd8 35. Qa5+ Kd7 36. Qf5+ Kc7 37. fxe4 Qxa2 38. Qa5+ Kc6 39. Qa4+ b5 40. Qa8+ Kc5 41. Qa7+ Kb4 42. Qxe7 Qd2 43. Kg3 0-1

[Event "AUT-ch Rapid"]
[Site "Graz"]
[Date "2023.06.10"]
[Round "1"]
[White "Baidetsky, Valentin"]
[Black "Kuhn, Maximilian"]
[Result "1-0"]
[WhiteElo "2492"]
[BlackElo "1936"]
[PlyCount "67"]
[EventDate "2023.06.10"]
[EventType "swiss (rapid)"]
[EventRounds "9"]
[EventCountry "AUT"]
[SourceTitle "CBM 214 Extra"]
[Source "ChessBase"]
[SourceDate "2023.07.31"]
[SourceVersion "1"]
[SourceVersionDate "2023.07.31"]
[SourceQuality "1"]

1. e4 c5 2. Nf3 d6 3. d4 cxd4 4. Nxd4 Nf6 5. Nc3 Nc6 6. Bg5 e6 7. Qd3 Be7 8. 0-0-0 Nxd4 9. Qxd4 0-0 10. f4 Qa5 11. e5 dxe5 12. Qxe5 Qxe5 13. fxe5 Nd5 14. Bxe7 Nxe7 15. Bd3 b6 16. Be4 Rb8 17. Rhe1 Bb7 18. Rd7 Bxe4 19. Rxe7 Bxg2 20. Rxa7 Bc6 21. Rd1 Rfd8 22. Rc7 Rxd1+ 23. Kxd1 Bf3+ 24. Kd2 g5 25. Ke3 g4 26. Nb5 Bd5 27. c4 Bg2 28. Kf4 h5 29. Kg5 Bf3 30. Nd6 Be2 31. Nxf7 Rf8 32. Nh6+ Kh8 33. Rd7 Bxc4 34. Kg6 1-0

[Event "AUT-chT2O 2223"]
[Site "Austria"]
[Date "2022.12.03"]
[Round "5.6"]
[White "Kuhn, Maximilian"]
[Black "Hoegl, Emanuel"]
[Result "1/2-1/2"]
[WhiteElo "1915"]
[BlackElo "2117"]
[PlyCount "55"]
[EventDate "2022.10.15"]
[EventType "team-tourn"]
[EventRounds "11"]
[EventCountry "AUT"]
[SourceTitle "CBM 213 Extra"]
[Source "ChessBase"]
[SourceDate "2023.05.31"]
[SourceVersion "1"]
[SourceVersionDate "2023.05.31"]
[SourceQuality "1"]
[WhiteTeam "Ottakring"]
[BlackTeam "Pressbaum"]
[WhiteTeamCountry "AUT"]
[BlackTeamCountry "AUT"]

1. d4 d5 2. c4 c6 3. Nf3 Nf6 4. Qc2 dxc4 5. e4 b5 6. b3 cxb3 7. axb3 e6 8. Bd2 a5 9. Bd3 h6 10. 0-0 b4 11. Be3 Ba6 12. Bxa6 Rxa6 13. Nbd2 Be7 14. Rfc1 0-0 15. Nc4 Qc7 16. Nce5 Rc8 17. Qd3 Qb7 18. Rc4 Nfd7 19. Qc2 Nb6 20. Rc5 Bxc5 21. dxc5 N6d7 22. Nc4 Qa7 23. Nd6 Rf8 24. g4 Nf6 25. g5 hxg5 26. Nxg5 Nbd7 27. f4 Ng4 28. e5 1/2-1/2

[Event "Pasching PlusCity op"]
[Site "Pasching"]
[Date "2022.06.17"]
[Round "1"]
[White "Kuhn, Maximilian"]
[Black "Demchenko, Anton"]
[Result "0-1"]
[WhiteElo "1920"]
[BlackElo "2654"]
[PlyCount "46"]
[EventDate "2022.06.17"]
[EventType "swiss (rapid)"]
[EventRounds "9"]
[EventCountry "AUT"]
[SourceTitle "EXT 2023"]
[Source "ChessBase"]
[SourceDate "2022.10.05"]
[SourceVersion "1"]
[SourceVersionDate "2022.10.05"]
[SourceQuality "1"]

1. d4 Nf6 2. c4 g6 3. Nc3 Bg7 4. e4 d6 5. h3 e5 6. d5 Nbd7 7. g4 Nc5 8. f3 a5 9. Nge2 h5 10. g5 Nfd7 11. Be3 0-0 12. h4 a4 13. Bh3 Nb6 14. Bxc5 dxc5 15. Bxc8 Qxc8 16. b3 f6 17. bxa4 fxg5 18. Rg1 Qh3 19. Qd2 Qxh4+ 20. Kd1 Nxc4 21. Qxg5 Qxg5 22. Rxg5 Rxf3 23. Rxg6 Rf1+ 0-1